Music Quiz

Random Music or Artist Quiz
Score 0/21 Timer 02:00
10 Plays Today
% Correct
Firework
89%
Rolling in the Deep
88.6%
Uptown Funk
88%
California Gurls
87.6%
Hello
87.3%
Shake It Off
87.2%
Set Fire to the Rain
82.6%
Diamonds
81.6%
Teenage Dream
81%
Bad Blood
75.2%
Just the Way You Are
73.5%
% Correct
Rude Boy
72.9%
Love the Way You Lie
72.3%
Locked Out of Heaven
71.2%
God's Plan
70.6%
Despacito
68.4%
Look What You Made Me Do
68.4%
What Do You Mean?
63.5%
I'm The One
57.2%
One Dance
53.5%
Nice for What?
53.3%
Remove Ads.
Support Sporcle.
Get the best of Sporcle when you Go Orange. This ad-free experience offers more features, more stats, and more fun while also helping to support Sporcle. Thank you for becoming a member.

You're not logged in!

Compare scores with friends on all Sporcle quizzes.
OR
Log In

Sporcle TV

Today on Sporcle TV


Watch our educational content, quiz creation guides, and fun videos on Sporcle TV.

Show Comments

Extras

Created May 4, 2020ReportNominate
Tags:Artist Quiz, Billboard Quiz

Top Quizzes Today


Score Distribution

Paid Content

Your Account Isn't Verified!

In order to create a playlist on Sporcle, you need to verify the email address you used during registration. Go to your Sporcle Settings to finish the process.

Report this User

Report this user for behavior that violates our Community Guidelines.

Details: